LEADER 00833nam a2200205 i 4500 001 000000210643 003 CaOOAMICUS 005 20230706111853.0 008 120207n it u000 u ita u 013 $a189456 040 $aSeMil$bita 245 10$a1: I malcontenti ; I delatori ; L'esilio d'Ovidio. 300 $a240 p., [2] p. di tav. 700 1 $aBoissier, Gaston <1823-1908>.$0(OLS)http://semarc/name/1066 773 0 $aBoissier, Gaston <1823-1908>$tOpposizione sotto i Cesari.$dMilano : Athena, 1931.$kCollana storica Athena$g1$w()1212 850 $aSeMil 852 $aSeMil$W1$xVenegono$y1$m3S I 53$j161090$B161090$CSeMilBibl$Z2$F172232 $81 961 $aOmaggio: Rimoldi mons. Antonio 996 $6245$a1: I malcontenti ; I delatori ; L'esilio d'Ovidio$9(OLS)http://semarc/title/304438 LEADER 01026nam a2200277 i 4500 001 000000101149 003 CaOOAMICUS 005 20180830171917.0 008 180830s1998 xx u000 u und u 013 $a73301 020 $a88-317-6600-7 040 $aSeMil$bita 100 1 $aLuther, Martin$b<1483-1545>.$0(OLS)http://semarc/name/305 245 10$aLettera del tradurre. 260 $aVenezia :$bMarsilio,$c1998. 300 $a107 p. 650 4$aErmeneutica filosofica.$0(OLS)http://semarc/subject/5404 650 4$aTraduzione - Concetto.$0(OLS)http://semarc/subject/45760 700 1 $aBonfatti, Emilio.$0(OLS)http://semarc/name/19892 850 $aSeMil 852 $aSeMil$W1$xVenegono$y1$m245 2 2 *$j58084$B58084$CSeMilBibl$Z2$F68660 $81 900 1 $aMartin Lutero. 996 $6020$a88-317-6600-7$9(OLS)http://semarc/number/80972 996 $6245$aLettera del tradurre$9(OLS)http://semarc/title/148149 996 $6260$aVenezia :$bMarsilio$9(OLS)http://semarc/publisher/30231